000 00436nam a2200133Ia 4500
008 260210s9999 xx 000 0 und d
024 _aNot available
082 _a668.4126298072 SYE
100 _aSyed Faiz Ahmed, Ahmed Ali Shams & Muhammad Azam Khan
245 0 _aIndustrial Automation of Injection Molding Machine
260 _aKarachi:
_bUITU,
_c2001
600 _aElectronic Engineering
650 _aBachelor of Engineering (BE)
999 _c32871
_d32871